000 00578nam a2200169 i 4500
001 47428
003 ES-MaACL
005 20230906161549.0
007 t|
008 030425s1866 po ||||1| fre d
100 1 _aBarbosa du Bocage, José Vicente.
_925476
245 1 0 _aNotes pour servir á l'ichthyologie du Portugal :
_bpoissons plagiostomes... squales /
_cpar Jose Vicente du Bocage et Felix de Brito Capello.
260 _aLisbonne :
_b[s.n.],
_c1866.
650 4 _aPeces-
_zPortugal.
_9176258
700 1 _aBrito Capello, Felix de.
_931800
852 4 _aES-MaACL
_jT-125-F-3
999 _c47428
_d47428